| 000 | 02742nam a2200289Ia 4500 | ||
|---|---|---|---|
| 008 | 130821s2005 xxua gs mul | ||
| 040 |
_aCo-BoUCM _bspa |
||
| 041 | 0 | 0 | _aspa°aeng°apor°afre |
| 092 | _aDVD 0576 | ||
| 245 | 0 | 0 |
_aGracias por fumar _c[DVD] _c[dirigida por] Jason Reitman |
| 260 |
_aWashington D.C. (Estados Unidos) _bFox Searchlight Pictures _c2005 |
||
| 300 |
_a1 DVD _bson., color |
||
| 500 | _aBasada en la novela "Gracias por fumar", de Christopher Buckley. | ||
| 500 | _aSINOPSIS : El héroe de "Gracias por fumar" es Nick Naylor (Aaron Eckhart), portavoz jefe de las grandes tabaqueras, que se gana la vida defendiendo los derechos de los fumadores y los fabricantes de tabaco en la cultura neopuritana tan en boga hoy en día. Enfrentándose a los fanáticos de la salud que desean prohibir el tabaco y a un oportunista senador (William H. Macy) que pretende poner etiquetas con la palabra veneno en las cajetillas de cigarrillos, Nick emprende una ofensiva de relaciones públicas, refutando los peligros de los cigarrillos en programas de televisión y contratando a un agente en Hollywood (Rob Lowe) para que promueva el hábito de fumar en las películas. La nueva notoriedad de Nick llama la atención tanto del mandamás de la industria tabaquera (Robert Duvall) como de una reportera de investigación de un influyente diario (Katie Holmes). Nick dice que sólo está haciendo lo que debe para pagar la hipoteca, pero la creciente conciencia de su hijo (Cameron Bright) y una amenaza de muerte muy real podrían obligarle a ver las cosas de forma diferente. | ||
| 508 | _aDirección: Jason Reitman ; guión : Jason Reitman (basado en la novela de Christopher Buckley) ; producción : David O. Sacks ; música : Rolfe Kent ; fotografía : James Whitaker ; montaje : Dana E. Glauberman ; diseño de producción : Steve Saklad. | ||
| 511 | _aInterpretación: Aaron Eckhart (Nick Naylor), Maria Bello (Polly Bailey), Cameron Bright (Joey Naylor), Adam Brody (Jack Bein), Sam Elliott (Lorne Lutch), Katie Holmes (Heather Holloway), David Koechner (Bobby Jay Bliss), Rob Lowe (Jeff Megall), William H. Macy (Senador Finistirre), J.K. Simmons (B.R.), Robert Duvall (Doak Boykin). | ||
| 546 | _aAudio en Español e Inglés. Subtítulos en Español e Inglés. | ||
| 650 | 0 | 4 |
_aComedia _vDVD _911176 |
| 650 | 0 | 4 |
_aEntretenimiento _926487 |
| 650 | 0 | 4 |
_aPelículas cinematográficas _zEstados Unidos _vDVD _97903 |
| 700 | 1 |
_aReitman, Jason _d1977- _edir. |
|
| 700 | 1 |
_aTaylor Buckley, Christopher _d1952- |
|
| 710 | 2 | _aFox Searchlight Pictures | |
| 765 | _tThank you for smoking | ||
| 856 | 0 | 4 |
_uhttp://www.youtube.com/watch?v=FKu-V_dU94g _zSiga este vínculo para ver el trailer. |
| 942 |
_cMULTIMEDIA _2LOCAL _a11 _e1 |
||
| 999 |
_c63869 _d63869 |
||